|
|
|
|
| LEADER |
02590nam a2200433 a 4500 |
| 001 |
34266 |
| 003 |
BD-DhAAL |
| 005 |
20190205135515.0 |
| 008 |
190205t20011958enk 000 f eng |
| 999 |
|
|
|c 40322
|d 40322
|
| 015 |
|
|
|a GBA1-W1778
|
| 020 |
|
|
|a 9780141186887
|
| 035 |
|
|
|a (OCoLC)47776260
|
| 040 |
|
|
|a UKM
|c UKM
|d OCLCQ
|d MYG
|d BD-DhAAL
|
| 043 |
|
|
|a f-nr---
|
| 049 |
|
|
|a MYGG
|
| 082 |
0 |
4 |
|a 823.914
|2 22
|
| 090 |
|
|
|a PR9387.9.A3.T4 2001
|
| 100 |
1 |
|
|a Achebe, Chinua.
|9 29866
|
| 245 |
1 |
0 |
|a Things fall apart /
|c Chinua Achebe ; with an introduction by Biyi Bandele.
|
| 260 |
|
|
|a London :
|b Heinemann Educational Publishers ;
|b Penguin books,
|c 2001.
|
| 300 |
|
|
|a xiii, 151 pages ;
|c 20 cm.
|
| 440 |
|
|
|a Penguin Modern classics
|9 29871
|
| 500 |
|
|
|a Originally published: London : Heinemann, 1958.
|
| 520 |
|
|
|a Okonkwo is the greatest wrestler and warrior alive, and his fame spreads throughout West Africa like a bush-fire. But when he accidentally kills a clansman, things begin to fall apart. Then Okonkwo returns from exile to find missionaries and colonial governors have arrived in the village.
|
| 526 |
|
|
|a ENH
|
| 541 |
|
|
|a Hye Trade International
|e 34266, 34267, 34268, 34268, 34269
|
| 650 |
|
0 |
|a Igbo (African people)
|v Fiction.
|9 29867
|
| 650 |
|
0 |
|a Wrestlers
|z Nigeria
|v Fiction.
|9 29868
|
| 650 |
|
0 |
|a Men
|z Nigeria
|v Fiction.
|x
|9 29869
|
| 651 |
|
|
|a Nigeria
|x Race relation
|v Fiction
|9 29870
|
| 700 |
|
|
|a Bandele, Biyi
|9 29872
|
| 852 |
|
|
|a Ayesha Abed Library
|c General Stacks
|
| 942 |
|
|
|2 ddc
|c BK
|
| 952 |
|
|
|0 0
|1 0
|2 ddc
|4 0
|6 823_914000000000000_ACH
|7 0
|9 64997
|a BRACUL
|b BRACUL
|c GEN
|d 2019-01-30
|e Hye Trade International
|g 488.00
|l 8
|m 80
|o 823.914 ACH
|p 3010034268
|r 2025-10-26
|s 2025-10-12
|t 3
|v 488.00
|w 2019-01-30
|y BK
|
| 952 |
|
|
|0 0
|1 0
|2 ddc
|4 0
|6 823_914000000000000_ACH
|7 0
|9 64998
|a BRACUL
|b BRACUL
|c GEN
|d 2019-01-30
|e Hye Trade International
|g 488.00
|l 8
|m 83
|o 823.914 ACH
|p 3010034270
|r 2025-08-06
|s 2025-07-10
|t 5
|v 488.00
|w 2019-01-30
|y BK
|
| 952 |
|
|
|0 0
|1 0
|2 ddc
|4 0
|6 823_914000000000000_ACH
|7 0
|9 64999
|a BRACUL
|b BRACUL
|c GEN
|d 2019-01-30
|e Hye Trade International
|g 488.00
|l 9
|m 88
|o 823.914 ACH
|p 3010034269
|r 2025-11-10
|s 2025-10-29
|t 4
|v 488.00
|w 2019-01-30
|y BK
|
| 952 |
|
|
|0 0
|1 0
|2 ddc
|4 0
|6 823_914000000000000_ACH
|7 0
|9 65000
|a BRACUL
|b BRACUL
|c GEN
|d 2019-01-30
|e Hye Trade International
|g 488.00
|l 9
|m 67
|o 823.914 ACH
|p 3010034267
|q 2026-06-02
|r 2026-04-23
|s 2026-04-23
|t 2
|v 488.00
|w 2019-01-30
|y BK
|
| 952 |
|
|
|0 0
|1 0
|2 ddc
|4 0
|6 823_914000000000000_ACH
|7 0
|9 65001
|a BRACUL
|b BRACUL
|c GEN
|d 2019-01-30
|e Hye Trade International
|g 488.00
|l 6
|m 61
|o 823.914 ACH
|p 3010034266
|r 2025-07-20
|s 2025-07-10
|t 1
|v 488.00
|w 2019-01-30
|y BK
|